Sistemas de seguridad electronica inalambricos para el Dealer Program de ADT Costa Rica
Guardado en:
| Autor principal: | |
|---|---|
| Formato: | Libro |
| Publicado: |
[San José, Costa Rica]
2004
|
| Materias: | |
| Etiquetas: |
Agregar Etiqueta
Sin Etiquetas, Sea el primero en etiquetar este registro!
|
MARC
| LEADER | 00000nam a2200000Ia 4500 | ||
|---|---|---|---|
| 003 | 009329 | ||
| 005 | 20221231144139.0 | ||
| 008 | 140114s2004 cr a m 000 ||s d | ||
| 040 | |c cru CEDI | ||
| 090 | |a TFG 4868 | ||
| 100 | |a Vindas Bonilla, Osvaldo Javier |9 6512 | ||
| 245 | |a Sistemas de seguridad electronica inalambricos para el Dealer Program de ADT Costa Rica | ||
| 260 | |c 2004 |a [San José, Costa Rica] | ||
| 300 | |a xxxiii, 394 hojas : ilustraciones | ||
| 500 | |a Proyecto de graduación (bachillerato en ingeniería eléctrica)--Universidad de Costa Rica. Facultad de Ingeniería. Escuela de Ingeniería Eléctrica | ||
| 650 | |x SISTEMAS DE SEGURIDAD |x TECNICAS DIGITALES |x MANUALES |x SISTEMAS DE COMUNICACION POR MICROONDAS |9 6513 | ||
| 942 | |c TFG | ||
| 999 | |c 17565 |d 17565 | ||
